Catalog

Record Details

Catalog Search



Arthur's off to school  Cover Image Book Book

Arthur's off to school / by Marc Brown.

Summary:

It's time for school! Arthur fans catch a rare glimpse into each beloved character's morning routine. Arthur is running late, and the Brain has lost his lizard! Binky lifts weights, Francine prepares for recess activities, and Muffy searches for the perfect outfit. And even though D.W. is too young to get ready for school, she wishes she could join the fun. And - in her own way - at the end, she does!

Record details

  • ISBN: 0316733784
  • ISBN: 9780316733786
  • ISBN: 0756935989
  • ISBN: 9780756935986
  • ISBN: 9780756935955
  • ISBN: 0756935954
  • Physical Description: 1 volume (unpaged) : color illustrations ; 21 cm
  • Edition: 1st ed.
  • Publisher: New York : Little, Brown, ©2004.
Subject: Arthur (Fictitious character from Brown) > Juvenile fiction.
Aardvark > Juvenile fiction.
Schools > Juvenile fiction.
Siblings > Fiction.
Genre: Picture books
Juvenile works
Fiction.

Available copies

  • 1 of 1 copy available at scottsboropl.

Holds

  • 0 current holds with 1 total copy.
Show Only Available Copies
Location Call Number / Copy Notes Barcode Shelving Location Status Due Date
scottsboropl E Bro 32269000722770 Juvenile - Easy Available -

LDR 00660cam a2200205 a 4500
001127595
003SBPL
00520140703073304.0
008041007s2004 nyua j 000 1 eng d
020 . ‡a0316733784 ‡q(pbk.) ‡z0316766784
020 . ‡a9780316733786 ‡q(pbk.)
020 . ‡a0756935989
020 . ‡a9780756935986
020 . ‡a9780756935955 ‡q(hbk.)
020 . ‡a0756935954 ‡q(hbk.)
035 . ‡a(CONS)127595
035 . ‡a(OCoLC)54853591 ‡z(OCoLC)54909643 ‡z(OCoLC)61144153 ‡z(OCoLC)148742569 ‡z(OCoLC)148742598 ‡z(OCoLC)731462445 ‡z(OCoLC)805496053
1001 . ‡aBrown, Marc Tolon. : ‡eauthor
24510. ‡aArthur's off to school / ‡cby Marc Brown.
24630. ‡aOff to school
250 . ‡a1st ed.
260 . ‡aNew York : ‡bLittle, Brown, ‡c©2004.
300 . ‡a1 volume (unpaged) : ‡bcolor illustrations ; ‡c21 cm
336 . ‡atext ‡btxt ‡2rdacontent
337 . ‡aunmediated ‡bn ‡2rdamedia
338 . ‡avolume ‡bnc ‡2rdacarrier
520 . ‡aIt's time for school! Arthur fans catch a rare glimpse into each beloved character's morning routine. Arthur is running late, and the Brain has lost his lizard! Binky lifts weights, Francine prepares for recess activities, and Muffy searches for the perfect outfit. And even though D.W. is too young to get ready for school, she wishes she could join the fun. And - in her own way - at the end, she does!
60000. ‡aArthur ‡c(Fictitious character from Brown) ‡vJuvenile fiction.
650 0. ‡aAardvark ‡vJuvenile fiction.
650 0. ‡aSchools ‡vJuvenile fiction.
650 0. ‡aSiblings ‡vFiction.
655 7. ‡aPicture books
655 7. ‡aJuvenile works
655 7. ‡aFiction. ‡2lcgft
901 . ‡a127595 ‡bUnknown ‡c127595 ‡tbiblio

Additional Resources